5HLuxD.jpg

KING HENRY VIII SENIOR AND PRIMARY SCHOOL LIBRARY OPAC

The forty rules of love / (Record no. 1879)

000 -LEADER
fixed length control field 01074pam a2200337 i 4500
001 - CONTROL NUMBER
control field 017018725
003 - CONTROL NUMBER IDENTIFIER
control field Uk
005 - DATE AND TIME OF LATEST TRANSACTION
control field 20230213152153.0
008 - FIXED-LENGTH DATA ELEMENTS--GENERAL INFORMATION
fixed length control field 150119r20152010enk b 000 1 eng d
015 ## - NATIONAL BIBLIOGRAPHY NUMBER
National bibliography number GBB508311
Source bnb
016 7# - NATIONAL BIBLIOGRAPHIC AGENCY CONTROL NUMBER
Record control number 017018725
Source Uk
020 ## - INTERNATIONAL STANDARD BOOK NUMBER
International Standard Book Number 9780241972939 (pbk.) :
040 ## - CATALOGING SOURCE
Original cataloging agency StDuBDS
Language of cataloging eng
Transcribing agency StDuBDS
Modifying agency Uk
-- KH8
Description conventions rda
082 04 - DEWEY DECIMAL CLASSIFICATION NUMBER
Classification number FIC SHA
Edition number 23
100 1# - MAIN ENTRY--PERSONAL NAME
Personal name Shafak, Elif,
Dates associated with a name 1971-
Relator term author.
245 14 - TITLE STATEMENT
Title The forty rules of love /
Statement of responsibility, etc. Elif Shafak.
264 #1 - PRODUCTION, PUBLICATION, DISTRIBUTION, MANUFACTURE, AND COPYRIGHT NOTICE
Place of production, publication, distribution, manufacture London :
Name of producer, publisher, distributor, manufacturer Penguin Books,
Date of production, publication, distribution, manufacture, or copyright notice 2015.
300 ## - PHYSICAL DESCRIPTION
Extent 354 pages ;
Dimensions 20 cm
336 ## - CONTENT TYPE
Content type term text
Source rdacontent
337 ## - MEDIA TYPE
Media type term unmediated
Source rdamedia
338 ## - CARRIER TYPE
Carrier type term volume
Source rdacarrier
500 ## - GENERAL NOTE
General note Originally published: New York: Viking Penguin, 2010.
500 ## - GENERAL NOTE
General note Formerly CIP.
Institution to which field applies Uk
504 ## - BIBLIOGRAPHY, ETC. NOTE
Bibliography, etc. note Includes bibliographical references.
530 ## - ADDITIONAL PHYSICAL FORM AVAILABLE NOTE
Additional physical form available note Also issued online.
600 00 - SUBJECT ADDED ENTRY--PERSONAL NAME
Personal name Jalāl al-Dīn Rūmī,
Titles and other words associated with a name Maulana,
Dates associated with a name 1207-1273
General subdivision Influence
Form subdivision Fiction.
650 #0 - SUBJECT ADDED ENTRY--TOPICAL TERM
Topical term or geographic name entry element Literary agents
Form subdivision Fiction.
650 #0 - SUBJECT ADDED ENTRY--TOPICAL TERM
Topical term or geographic name entry element Middle-aged women
Form subdivision Fiction.
776 08 - ADDITIONAL PHYSICAL FORM ENTRY
Relationship information ebook version :
International Standard Book Number 9780241957103
942 ## - ADDED ENTRY ELEMENTS (KOHA)
Source of classification or shelving scheme
Koha item type Books - Fiction
Holdings
Withdrawn status Lost status Source of classification or shelving scheme Damaged status Not for loan Collection code Permanent Location Current Location Shelving location Date acquired Full call number Barcode Date last seen Price effective from Koha item type
          Fiction KH8 Senior School Library KH8 Senior School Library Young Adult 2023-02-13 FIC SHA 3KHSL000101961 2024-07-23 2023-02-13 Books - Fiction

Powered By KH8 IT Dept